00991pam a2200265 a 45000010008000000030004000080050017000120080041000290100017000700200040000870200017001270400018001440410013001620500028001750820025002031000021002282400035002492450161002842600045004453000013004905000040005036000048005436500059005916500075006501527140OSt20200514102528.0900823s1991 maub b 001 0 eng  a 90047404  a9789382934271c$24.95 ($29.95 Can.) a0201523213 : aDLCcDLCdDLC1 aenghfre00aBP135.8.W67bM4713 199100a297.12408220bMER/I1 aMernissi, Fatima10aIslamum SthreekalumlMalayalam14aIslamum Sthreekalum = The veil and the male elite :ba feminist interpretation of women's rights in Islam /cFatima Mernissi ; translated by K M Venugopalan aKozhikode :bOlive publications.,c2009. a298 p. : aTranslation of: Le harem politique.00aMuḥammad,cProphet,d-632xIn the Qurʼan 0aReligionvOther religionsxIslam, Babism & Bahai Faith 0aReligiongWomen in IslamvOther religionsxIslam, Babism & Bahai Faith